| 000 | 00982cai a22001815a 4500 | ||
|---|---|---|---|
| 001 | L145868 | ||
| 008 | 081117u xxkao g 000 0 eng d | ||
| 035 | _a(Sirsi) u145868 | ||
| 041 | 0 | _aeng | |
| 110 | 2 |
_aGreat Britain _bHealth and Safety Executive |
|
| 245 | 0 | 0 |
_aAsbestos _bthe hidden killer _h[electronic resource] |
| 520 | _aSection of the website of the Health and Safety Executive on a campaign against asbestos hazards. Provides information on asbestos, its dangers, where it can be found in a building, and how construction workers can protect themselves from it. A campaign resources page lists videos, press and radio advertisements, case stories, posters, and other campaign related items. | ||
| 590 | _aKA | ||
| 651 | 4 |
_aGreat Britain _y1707- |
|
| 690 | _aMANAGEMENT-HEALTH AND SAFETY-HAZARDOUS SUBSTANCES-ASBESTOS | ||
| 856 | 4 | 0 |
_uhttps://www.hse.gov.uk/asbestos/hiddenkiller/index.htm _zView the website free of charge online at www.hse.gov.uk/asbestos... |
| 942 | _n0 | ||
| 999 |
_c120731 _d120731 |
||